| 000 | 00799nam a22002177a 4500 | ||
|---|---|---|---|
| 999 |
_c18537 _d18537 |
||
| 003 | AR-CdUCM | ||
| 008 | 190514b ||||| |||| 00| 0 spa d | ||
| 040 |
_aMUNICIPALIDAD PROVINCIAL DEL CUSCO _cBIBLIOTECA MUNICIPAL DEL CUSCO |
||
| 082 |
_a985.61 / _bV66 |
||
| 100 |
_aVillasante Ortiz, Segundo _927858 |
||
| 245 | _aTricentenario de la Cuadrilla Mayor Q`hapaq Negro de Paucartambo 1694 - 1994 / | ||
| 260 |
_aLima : _bARS, |
||
| 300 |
_a115 páginas ; _bIlustraciones, _c21 cm. |
||
| 440 |
_aSerie Paucartambo _939183 |
||
| 505 | _aContenido: Pruebas objetivos -- Metodología pedagógica -- Practica docente -- Didáctica docente... | ||
| 650 |
_aPaucartambo _96539 |
||
| 650 |
_aCapac Negro _939184 |
||
| 650 |
_aVirgen del Carmen _97843 |
||
| 942 |
_2ddc _cLIBROS |
||
| 945 |
_adavv _d2019-05-13 |
||